书目信息 |
| 题名: |
航空母舰和舰载机
|
|
| 作者: | 毕晓普 , 钱特 著 ;张国良 , 姚宝珍 , 穆定平 译 | |
| 分册: | Ⅰ | |
| 出版信息: | 北京 中国市场出版社 2010.01 |
|
| 页数: | 210页 | |
| 开本: | 25cm | |
| 丛书名: | ||
| 单 册: | ||
| 中图分类: | E925.671 , E926.392 | |
| 科图分类: | ||
| 主题词: | 航空母舰--简介--世界 , 舰载飞机--简介--世界 , 航空母舰 , 舰载飞机 | |
| 电子资源: | ||
| ISBN: | 978-7-5092-0534-1 | |
| 000 | 01317nam0 2200325 45 | |
| 001 | 1237622184 | |
| 005 | 20120618095011.87 | |
| 010 | @a978-7-5092-0534-1@dCNY48.00 | |
| 100 | @a20091231d2010 em y0chiy0110 ea | |
| 101 | 1 | @achi@ceng |
| 102 | @aCN@b110000 | |
| 105 | @aa z 000yy | |
| 106 | @ar | |
| 200 | 1 | @a航空母舰和舰载机@AHang Kong Mu Jian He Jian Zai Ji@hⅠ@f(英)克里斯·毕晓普(Chris Bishop),(英)克里斯·钱特(Chris Chant)著@F( Ying ) Ke Li Si· Bi Xiao Pu (Chris Bishop),( Ying ) Ke Li Si· Qian Te (Chris Chant) Zhu@g张国良,姚宝珍,穆定平译 |
| 210 | @a北京@c中国市场出版社@d2010.01 | |
| 215 | @a210页@c图@d25cm | |
| 330 | @a在全面展示各型航空母舰及其舰载机的迷人风采的同时,书中还辅助以及其详尽的技术规格和全面系统的设计发展史料,总之,对于航空母舰和舰载机的过去、现在和未来,本书是一部不可多得的权威论著。 | |
| 606 | 0 | @a航空母舰@x简介@y世界 |
| 606 | 0 | @a舰载飞机@x简介@y世界 |
| 606 | 0 | @a航空母舰 |
| 606 | 0 | @a舰载飞机 |
| 690 | @aE925.671@v4 | |
| 690 | @aE926.392@v4 | |
| 701 | 0 | @c(美)@a毕晓普@ABi Xiao Pu@c(Bishop, Chris)@4著 |
| 701 | 0 | @c(美)@a钱特@AQian Te@c(Chant, Chris)@4著 |
| 702 | 0 | @a张国良@AZhang Guo Liang@4译 |
| 702 | 0 | @a姚宝珍@AYao Bao Zhen@4译 |
| 702 | 0 | @a穆定平@AMu Ding Ping@4译 |
| 801 | 0 | @aCN@bTSTCL@c20120604 |
| 905 | @b0817443-46@dE925.671@e24:1@f4 | |
| 航空母舰和舰载机.Ⅰ/(英)克里斯·毕晓普(Chris Bishop),(英)克里斯·钱特(Chris Chant)著/张国良,姚宝珍,穆定平译.-北京:中国市场出版社,2010.01 |
| 210页:图;25cm |
| ISBN 978-7-5092-0534-1:CNY48.00 |
| 在全面展示各型航空母舰及其舰载机的迷人风采的同时,书中还辅助以及其详尽的技术规格和全面系统的设计发展史料,总之,对于航空母舰和舰载机的过去、现在和未来,本书是一部不可多得的权威论著。 |
| ● |
| 相关链接 |
|
|
|
|
正题名:航空母舰和舰载机
索取号:E925.671/24:1
 
预约/预借
| 序号 | 登录号 | 条形码 | 馆藏地/架位号 | 状态 | 备注 |
| 1 | 0817443 | 208174438 | 第一样本阅览室/ [索取号:E925.671/24:1] | 在馆 | |
| 2 | 0817444 | 208174447 | 第一借阅区/ [索取号:E925.671/24:1] | 在馆 | |
| 3 | 0817445 | 208174456 | 第一借阅区/ [索取号:E925.671/24:1] | 在馆 | |
| 4 | 0817446 | 208174465 | 第一借阅区/ [索取号:E925.671/24:1] | 在馆 |